چند ن کی کہا نیا ن / (Record no. 147309)

MARC details
000 -LEADER
fixed length control field 00730nam a22001937a 4500
005 - DATE AND TIME OF LATEST TRANSACTION
control field 20230607170421.0
010 ## - LCCN (DPL NO)
LC control number UR-9915
020 ## - INTERNATIONAL STANDARD BOOK NUMBER
International Standard Book Number 9789383353101
Terms of availability 200.00
035 ## - SYSTEM CONTROL NUMBER
System control number U-8470
037 ## - SOURCE OF ACQUISITION
Source of stock number/acquisition DBAD/PUB
082 ## - DEWEY DECIMAL CLASSIFICATION NUMBER
Classification number ک
100 ## - MAIN ENTRY--PERSONAL NAME
Personal name ا نجم عثما نی
245 ## - TITLE STATEMENT
Title چند ن کی کہا نیا ن /
Statement of responsibility, etc ا نجم عثما نی
246 ## - VARYING FORM OF TITLE
Remainder of title Chandan Ki Kahanian /
Title proper/short title by Anjum Usmani
260 ## - PUBLICATION, DISTRIBUTION, ETC. (IMPRINT)
Place of publication, distribution, etc New Delhi
Name of publisher, distributor, etc Ghalib Academy
Date of publication, distribution, etc 2017
270 ## - ADDRESS
Address Basti Hazrat Nizamuddin,New Delhi,
City Delhi
Postal code 110013
Telephone number -
Fax number -
300 ## - PHYSICAL DESCRIPTION
Extent 208 ص
Dimensions 22cm(Hb)
942 ## - ADDED ENTRY ELEMENTS (KOHA)
Source of classification or shelving scheme Dewey Decimal Classification
Item type Urdu Bks
Classification part ک
Call number suffix ا ن ج
Edition
Holdings
Withdrawn status Lost status Not for loan Collection code Home library Current library Date acquired Source of acquisition Cost, normal purchase price Full call number Barcode Copy number Cost, replacement price Koha item type
      Non-fiction Ashok Vihar Ashok Vihar 11/11/2017 DBAD/PUB. 200.00 ک ا ن ج U-8470 1 200.00 Urdu Bks

© Delhi Public Library
Hit Counter
free hit counter